Personality characteristics contributory to leadership effectiveness (Record no. 17938)

MARC details
000 -LEADER
fixed length control field 00502nam a2200169Ia 4500
082 ## - DEWEY DECIMAL CLASSIFICATION NUMBER
Classification number TS.0045
100 ## - MAIN ENTRY--AUTHOR NAME
Personal name Sharma, C.S.
245 #0 - TITLE STATEMENT
Title Personality characteristics contributory to leadership effectiveness
260 ## - PUBLICATION, DISTRIBUTION, ETC. (IMPRINT)
Year of publication 1986
Name of publisher Meerut University
300 ## - PHYSICAL DESCRIPTION
Number of Pages 164p. + C D -9
650 ## - SUBJECT ADDED ENTRY--TOPICAL TERM
Topical Term EDUCATIONAL LEADERSHIP//LEADERSHIP IN EDUCATION
650 ## - SUBJECT ADDED ENTRY--TOPICAL TERM
Topical Term LEADERSHIP IN EDUCATION
650 ## - SUBJECT ADDED ENTRY--TOPICAL TERM
Topical Term PERSONALITY
650 ## - SUBJECT ADDED ENTRY--TOPICAL TERM
Topical Term LEADERSHIP///LEADERSHIP IN EDUCATION
710 ## - ADDED ENTRY--CORPORATE NAME
Corporate name or jurisdiction name as entry element Sharma, K.G.
942 ## - ADDED ENTRY ELEMENTS (KOHA)
Koha item type Thesis
Source of classification or shelving scheme Dewey Decimal Classification
Holdings
Withdrawn status Lost status Damaged status Not for loan Home library Current library Date acquired Bill Date Full call number Accession Number Price effective from Koha item type
        NASSDOC Library NASSDOC Library 08/10/2004 2004-10-22 TS.0045 28294 18/04/2019 Thesis